000 00585nam a2200193Ii 4500
003 JO-AjNU
008 230605s9999||||xx |||||||||||||| ||und||
040 _aJO-AjNU
_bara
_erda
_cJO-AjNU
041 _aara
050 1 4 _aHQ772.B3286
100 3 _aبدران، عمرو حسن احمد,
_eauthor
_918599
245 0 0 _aفن التربية
264 3 1 _aد.م: د.ن
300 _a80ص
_bيحتوي ببلوغرافية من ص 77-80ص
336 _atext
_btxt
_2rdacontent
337 _aunmediated
_bn
_2rdamedia
338 _avolume
_bnc
_2rdacarrier
650 4 _aالتربية
_918600
999 _aA5979
_c9547
_d9547